[Event "Martinique-ch"]
[Site "Madiana"]
[Date "2016.05.14"]
[Round "10"]
[White "Verneuil, Pascal"]
[Black "Rapon, Karl Loic"]
[Result "1-0"]
[WhiteElo "2191"]
[BlackElo "2043"]
[PlyCount "127"]
[EventDate "2016.05.05"]
[EventType "tourn"]
[EventRounds "11"]
[EventCountry "MFR"]
[SourceTitle "EXT 2019"]
[Source "ChessBase"]
[SourceDate "2018.10.10"]
[SourceVersion "1"]
[SourceVersionDate "2018.10.10"]
[SourceQuality "1"]

1. e4 c6 2. d4 d5 3. e5 c5 4. dxc5 Nc6 5. Bb5 e6 6. Be3 Bd7 7. Bxc6 Bxc6 8. Nf3 Ne7 9. 0-0 Nf5 10. Bd4 Nxd4 11. Qxd4 Be7 12. Nc3 0-0 13. Rad1 Qc7 14. Rd3 Bd7 15. Rfd1 Bxc5 16. Qh4 f5 17. Ne2 Qd8 18. Qxd8 Rfxd8 19. c4 Ba4 20. b3 Bc6 21. Nf4 Re8 22. cxd5 exd5 23. Nxd5 Bxd5 24. Rxd5 Bb6 25. Rd7 Rac8 26. R7d2 h6 27. h4 g6 28. Rd6 Rc2 29. R1d2 Rxd2 30. Rxd2 Kf7 31. Kf1 Rd8 32. Rc2 Ke6 33. Ke2 f4 34. g4 fxg3 35. fxg3 Rg8 36. a4 Rg7 37. Kd3 Kf5 38. Rc4 Rd7+ 39. Ke2 Bd8 40. g4+ Ke6 41. Ke3 Bb6+ 42. Ke4 Rd1 43. b4 Rb1 44. a5 Bf2 45. h5 gxh5 46. gxh5 a6 47. Kf4 Rb2 48. Kg4 Kd5 49. Rc7 Rxb4+ 50. Kf5 Be3 51. Rd7+ Kc6 52. Rd6+ Kc7 53. Ke6 Rf4 54. Rd7+ Kc6 55. Rf7 Ra4 56. Rf6 Rxa5 57. Kf7+ Kc7 58. e6 Bc5 59. Rxh6 Ra4 60. Rf6 Kd8 61. h6 Ra1 62. h7 Rh1 63. Kg7 Ke7 64. Rh6 1-0

[Event "Martinique-ch"]
[Site "Madiana"]
[Date "2016.05.13"]
[Round "9"]
[White "Rapon, Karl Loic"]
[Black "Lafortune, Emerick"]
[Result "1/2-1/2"]
[WhiteElo "2043"]
[BlackElo "1956"]
[PlyCount "106"]
[EventDate "2016.05.05"]
[EventType "tourn"]
[EventRounds "11"]
[EventCountry "MFR"]
[SourceTitle "EXT 2019"]
[Source "ChessBase"]
[SourceDate "2018.10.10"]
[SourceVersion "1"]
[SourceVersionDate "2018.10.10"]
[SourceQuality "1"]

1. c4 c5 2. Nc3 g6 3. Nf3 Bg7 4. e3 Nf6 5. d4 0-0 6. Be2 cxd4 7. Nxd4 Nc6 8. 0-0 d5 9. cxd5 Nxd5 10. Nxd5 Qxd5 11. Bf3 Qc5 12. Nxc6 bxc6 13. Qa4 Be6 14. Rb1 Rfc8 15. Re1 Rab8 16. b3 Qb5 17. Qa3 Bc3 18. Rd1 Bb4 19. Qb2 Qa5 20. Qc2 c5 21. Bd5 Bxd5 22. Rxd5 Rd8 23. e4 Rxd5 24. exd5 Rd8 25. Bg5 Rxd5 26. Bxe7 Qc7 27. Qe4 Qd7 28. g3 Bc3 29. Kg2 Kg7 30. Rc1 Bd4 31. f4 Rh5 32. h4 Rd5 33. Rc2 f5 34. Qf3 Kf7 35. Re2 h6 36. h5 Bg7 37. hxg6+ Kxg6 38. Qe3 Kf7 39. Bxc5 Bf6 40. Bb4 Rd3 41. Qc5 a5 42. Be1 Qb7+ 43. Kh2 Qf3 44. Qc4+ Kg7 45. Re8 Qh5+ 46. Kg2 Qxe8 47. Qxd3 Qxe1 48. Qxf5 Qe2+ 49. Kh3 Qf1+ 50. Kh2 Qe2+ 51. Kh3 Qf1+ 52. Kh2 Qe2+ 53. Kh3 Qf1+ 1/2-1/2

[Event "Martinique-ch op-A 31th"]
[Site "Madiana"]
[Date "2015.05.10"]
[Round "1"]
[White "Rapon, Karl Loic"]
[Black "Bourgeois, Patrice"]
[Result "1-0"]
[WhiteElo "2031"]
[BlackElo "1507"]
[PlyCount "95"]
[EventDate "2015.05.10"]
[EventType "swiss"]
[EventRounds "7"]
[EventCountry "FRA"]
[SourceTitle "EXT 2016"]
[Source "ChessBase"]
[SourceDate "2015.10.08"]
[SourceVersion "1"]
[SourceVersionDate "2015.10.08"]
[SourceQuality "1"]

1. c4 Nc6 2. Nc3 e5 3. Nf3 Bb4 4. Nd5 Bc5 5. d3 h6 6. g3 d6 7. Bg2 Nf6 8. 0-0 Nxd5 9. cxd5 Ne7 10. d4 exd4 11. Nxd4 Bd7 12. b3 h5 13. h3 Ng6 14. Nf3 Qf6 15. Bg5 Qb2 16. Qd3 Ne5 17. Qe4 0-0 18. Qh4 Qxe2 19. Nxe5 Qxe5 20. Rae1 Qf5 21. g4 Qh7 22. Be4 f5 23. Bd3 hxg4 24. Qxh7+ Kxh7 25. Re7 gxh3 26. Rxd7 Kg6 27. Bf4 Rh8 28. Kh2 Kf6 29. Be3 Bxe3 30. fxe3 Rh5 31. e4 g6 32. Rxc7 Rah8 33. Rc2 Ke5 34. exf5 gxf5 35. Bc4 f4 36. Re2+ Kd4 37. Rxf4+ Kc5 38. Re7 b5 39. Rc7+ Kb4 40. Be2+ Ka3 41. Rxa7+ Kb2 42. Bxh5 Rxh5 43. a4 bxa4 44. bxa4 Rxd5 45. Kxh3 Rd3+ 46. Kg4 d5 47. Kf5 Rd1 48. Ke5 1-0

[Event "Martinique-ch op-A 31th"]
[Site "Madiana"]
[Date "2015.05.10"]
[Round "3"]
[White "Rapon, Karl Loic"]
[Black "Prudent, Sylvio"]
[Result "1-0"]
[WhiteElo "2031"]
[BlackElo "1723"]
[PlyCount "89"]
[EventDate "2015.05.10"]
[EventType "swiss"]
[EventRounds "7"]
[EventCountry "FRA"]
[SourceTitle "EXT 2016"]
[Source "ChessBase"]
[SourceDate "2015.10.08"]
[SourceVersion "1"]
[SourceVersionDate "2015.10.08"]
[SourceQuality "1"]

1. e4 b6 2. d4 Bb7 3. Bd3 e6 4. Nf3 Nf6 5. Qe2 d5 6. e5 Ne4 7. Nbd2 Nxd2 8. Bxd2 c5 9. c3 Be7 10. h4 h5 11. Ng5 a6 12. Qf3 Bxg5 13. hxg5 g6 14. Rh4 Qe7 15. g4 Nc6 16. gxh5 Rxh5 17. Rxh5 gxh5 18. Qf4 cxd4 19. cxd4 Nb4 20. Bb1 0-0-0 21. a3 Nc6 22. Bd3 Qe8 23. Bb4 Nxb4 24. axb4 b5 25. Qh4 Qf8 26. Rc1+ Kb8 27. Rc5 Qh8 28. Be2 Re8 29. Qxh5 Qg7 30. Qh6 Qxh6 31. gxh6 Rh8 32. Bh5 Rh7 33. Ke2 Bc8 34. Ke3 Bd7 35. Kf4 Rxh6 36. Kg5 Rh7 37. Rc3 Kb7 38. Rh3 Kc7 39. Kf6 Kd8 40. Bg4 Rxh3 41. Bxh3 Ke8 42. Bg4 Kf8 43. Bh5 Be8 44. f4 Kg8 45. Ke7 1-0

[Event "Martinique-ch"]
[Site "Schoelcher"]
[Date "2014.05.24"]
[Round "10"]
[White "Rapon, Karl Loic"]
[Black "Lafortune, Emerick"]
[Result "1-0"]
[WhiteElo "2053"]
[BlackElo "1807"]
[PlyCount "43"]
[EventDate "2014.05.17"]
[EventType "tourn"]
[EventRounds "11"]
[EventCountry "FRA"]
[SourceTitle "CBM 160 Extra"]
[Source "ChessBase"]
[SourceDate "2014.07.01"]
[SourceVersion "1"]
[SourceVersionDate "2014.07.01"]
[SourceQuality "1"]

1. e4 d6 2. Nc3 Nf6 3. Bc4 c6 4. d3 g6 5. a4 Bg7 6. f4 Bg4 7. Nf3 Nbd7 8. h3 Bxf3 9. Qxf3 0-0 10. Be3 e5 11. f5 Nb6 12. fxg6 hxg6 13. Bb3 d5 14. Bg5 d4 15. Nd1 Nbd7 16. 0-0 Qc7 17. Nf2 Qd6 18. Ng4 Nxg4 19. hxg4 Nc5 20. Bxf7+ Rxf7 21. Qxf7+ Kh7 22. Rf3 1-0

[Event "Martinique-ch 29th"]
[Site "Fort de France"]
[Date "2013.05.19"]
[Round "6"]
[White "Rapon, Karl Loic"]
[Black "Midonet, Matthieu"]
[Result "0-1"]
[WhiteElo "2069"]
[BlackElo "2138"]
[PlyCount "182"]
[EventDate "2013.05.18"]
[EventType "tourn"]
[EventRounds "11"]
[EventCountry "MFR"]
[SourceTitle "EXT 2014"]
[Source "ChessBase"]
[SourceDate "2013.11.20"]
[SourceVersion "1"]
[SourceVersionDate "2013.11.20"]
[SourceQuality "1"]

1. c4 e5 2. Nc3 Nc6 3. Nf3 Nf6 4. g3 Bc5 5. Bg2 d6 6. d3 h6 7. a3 a6 8. 0-0 0-0 9. b4 Ba7 10. Bb2 Be6 11. h3 Qd7 12. Kh2 Rae8 13. Rc1 Bf5 14. Nd5 Nh7 15. b5 Ne7 16. Nc3 c6 17. a4 Be6 18. Qb3 f5 19. b6 Bb8 20. d4 Bf7 21. e4 d5 22. exd5 e4 23. dxc6 Nxc6 24. Ne5 Bxe5 25. dxe5 Nxe5 26. Nd5 Nd3 27. Rcd1 Bxd5 28. Rxd3 exd3 29. Bxd5+ Kh8 30. Qxd3 Nf6 31. Bxf6 Rxf6 32. a5 f4 33. Qf3 fxg3+ 34. Qxg3 Ref8 35. f3 Qe7 36. Rg1 Rf4 37. Re1 Qd7 38. Re6 Qa4 39. Re7 Qa1 40. Rxb7 Re8 41. Be4 Rexe4 42. fxe4 Qb2+ 43. Qg2 Rf2 44. Rxg7 Rxg2+ 45. Rxg2 Qe5+ 46. Kg1 Qxa5 47. Rg6 Qe1+ 48. Kh2 Qe2+ 49. Kg3 Qxe4 50. Rxh6+ Kg7 51. Rh5 Qe3+ 52. Kg4 Qg1+ 53. Kf4 Qf2+ 54. Kg4 Qd4+ 55. Kf5 Qxb6 56. Rg5+ Kf7 57. Rg4 Qc5+ 58. Kf4 Qxc4+ 59. Kg5 Qc1+ 60. Kh5 a5 61. h4 a4 62. Rxa4 Qc5+ 63. Kg4 Qg1+ 64. Kh3 Qe3+ 65. Kg4 Qe6+ 66. Kg3 Qe1+ 67. Kg2 Qe2+ 68. Kg3 Qd3+ 69. Kf4 Qf1+ 70. Kg3 Qe1+ 71. Kg2 Kg6 72. Rf4 Kh5 73. Kf3 Qc3+ 74. Kf2 Qh3 75. Re4 Kg6 76. Rf4 Kg7 77. Ke2 Qg3 78. Rd4 Kf6 79. Kd2 Ke5 80. Rb4 Qa3 81. Rc4 Kd5 82. Rg4 Qb2+ 83. Ke3 Qc3+ 84. Kf4 Qf6+ 85. Kg3 Ke5 86. h5 Qh6 87. Kh4 Kf5 88. Rg3 Qf4+ 89. Kh3 Qf1+ 90. Kh4 Qh1+ 91. Rh3 Qe1+ 0-1

[Event "Georgetown Rating"]
[Site "Georgetown"]
[Date "2010.07.01"]
[Round "2"]
[White "Rapon, Karl Loic"]
[Black "Nandalall, Shivanand"]
[Result "1-0"]
[WhiteElo "2065"]
[BlackElo "1715"]
[PlyCount "43"]
[EventDate "2010.07.01"]
[EventType "tourn"]
[EventRounds "9"]
[EventCountry "GUY"]
[SourceTitle "EXT 2024"]
[Source "ChessBase"]
[SourceDate "2023.10.10"]
[SourceVersion "1"]
[SourceVersionDate "2023.10.10"]
[SourceQuality "1"]

1. c4 Nf6 2. Nc3 e6 3. e4 d5 4. e5 Nfd7 5. d4 dxc4 6. Bxc4 c5 7. Nf3 cxd4 8. Qxd4 Nc6 9. Qe4 a6 10. 0-0 Qc7 11. Bf4 g6 12. Rac1 Bg7 13. Rfe1 0-0 14. a3 Ndxe5 15. Nxe5 Bxe5 16. Bxe5 Nxe5 17. Qxe5 Qxc4 18. Ne4 Qb5 19. Rc5 Qd3 20. Nf6+ Kg7 21. Ne8+ Kh6 22. Qg7# 1-0

[Event "FRA-ch U20"]
[Site "Aix les Bains"]
[Date "2006.04.??"]
[Round "8"]
[White "Rapon, Karl Loic"]
[Black "Przymusinski, Nicolas"]
[Result "1/2-1/2"]
[WhiteElo "1890"]
[BlackElo "2043"]
[PlyCount "76"]
[EventDate "2006.04.??"]
[EventType "swiss"]
[EventRounds "8"]
[EventCountry "FRA"]
[SourceTitle "EXT 2007"]
[Source "ChessBase"]
[SourceDate "2006.11.23"]
[SourceVersion "1"]
[SourceVersionDate "2006.11.23"]
[SourceQuality "1"]

1. c4 c5 2. Nc3 Nc6 3. g3 g6 4. Bg2 Bg7 5. e3 Nf6 6. Nge2 0-0 7. 0-0 e6 8. Nf4 Ne8 9. a3 Nc7 10. Rb1 a5 11. Nd3 Qe7 12. Na4 d6 13. b4 axb4 14. axb4 cxb4 15. Nxb4 Nxb4 16. Rxb4 Na6 17. Rb1 Nc5 18. Nb6 Ra7 19. d4 Na6 20. Qa4 Rd8 21. Ba3 Bd7 22. Nxd7 Qxd7 23. Qxd7 Rxd7 24. Rb6 Nc5 25. dxc5 Rxa3 26. cxd6 Rc3 27. Rd1 Rxc4 28. Rxb7 Rxb7 29. Bxb7 Bf6 30. Bf3 Rc8 31. Kg2 Rd8 32. h4 Be5 33. d7 Kf8 34. Bb7 Ke7 35. Bc8 Bc7 36. h5 g5 37. f4 f6 38. Kf3 h6 1/2-1/2